Industrial free zones regulations.
| Format: | Book |
|---|---|
| Published: |
[s.l]:
[s.n],
1999.
|
| Subjects: |
| LEADER | 00361cam a2200133 7i4500 | ||
|---|---|---|---|
| 001 | 0000014147 | ||
| 005 | 20040705090000.0 | ||
| 090 | 0 | 0 | |a MOZB 343.08 |b IND |
| 245 | 0 | 0 | |a Industrial free zones regulations. |
| 260 | 0 | 0 | |a [s.l]: |b [s.n], |c 1999. |
| 300 | # | # | |a 24 p.. |
| 650 | 0 | 0 | |a Trade regulation |
| 651 | 0 | 0 | |a Mozambique |
| 999 | |a 0000012607 |b Book |c Countries |e Business Information Centre | ||